000
00215 a2200097 4500
001
53036
100
_a
Cleland D I
245
_a
Engineering Management
260
_a
London
_b
Butterworths
_c
090
_c
33354
_d
33354
942
_a
NUST-CAE
_c
M
_c
25952
999
_c
288109
_d
288109